De empleados y empleadores

Salvato in:
Dettagli Bibliografici
Natura: testo
Soggetti:
Tags: Aggiungi Tag
Nessun Tag, puoi essere il primo ad aggiungerne!!

MARC

LEADER 00000 a a2200000 04500
001 6555
003
040
245 |a De empleados y empleadores  
650 |a MERCADO DE TRABAJO  
650 |a EMPLEADORES  
650 |a EMPLEADOS  
650 |a DEMOCRACIA  
650 |a TRABAJO  
773 |g volumen 22, número 984; páginas 8-9  
999 |c 38703  |d 38703